000 01015nam a22001337a 4500
008 190327b xxu||||| |||| 00| 0 eng d
082 _a741.9
_bN124n
100 _aBrigada de dibujantes
_96971
245 _aNacido y Criado:
_btentativas para entrar al barrio Cuba
260 _aGuayaquil, Ecuador
_bUArte Ediciones
_b4ta Pared, Galería de Arte Contemporáneo
_c2018
300 _a352 p.
_bil. (col)
_c20 x 21 cm
505 _tAgradecimientos
_tIntroducción
_tAndar, conversar, dibujo. Brigada de dibujantes: la experiencia colectiva de dar imágenes a un mundo
_rLupe Alvarez Pomares
_tDERIVAS CON ESTUDIANTES/ CONTACTO UNO
_tEstrategias de diálogo
_tDiario de campo - bitácoras
_tNO UNO, SINO TRES BARRIOS / INTERPRETANDO LOS LIMITES
_tEL REGRESO CON OTROS NOMBRES / CONTACTO DOS
_tCrónica del Barrio Cuba
_rFrancisco Santana
_tMapa del barrio
_rdon Segundo Tábara
_tDOCUMENTOS
_tRemembranzas del Barrio Cuba
_rGuillermo Morán
650 _xarte contemporáneo
_xdibujo
_xarte - mural
_xBarrio Cuba
_xEcuador
_96972
999 _c1754
_d1754